Nalaganje...

The wife of Bath's Prologue and Tale and the Clerk's Prologue and Tale from The Cantrebury Tales

Bibliografske podrobnosti
Glavni avtor: Chaucer,Geoffrey
Format: Printed Book
Izdano: London : University of London, 1975
LEADER 00459nam a22001217a 4500
260 |a London :  |b University of London,  |c 1975 
999 |c 271660  |d 271660 
082 |a  821 CHA-W 
100 |a Chaucer,Geoffrey 
245 |a The wife of Bath's Prologue and Tale and the Clerk's Prologue and Tale from The Cantrebury Tales  
300 |a 194p 
942 |c BK 
952 |0 0  |1 0  |4 0  |6 821_000000000000000_CHAW  |7 0  |9 288731  |a ENG  |b ENG  |d 2019-09-05  |l 0  |o 821 CHA-W  |p ENG8250  |r 2019-09-05  |w 2019-09-05  |y BK